[Event "ENCI Limburg-open B"]
[Site "Maastricht"]
[Date "2008.05.09"]
[Round "1"]
[White "Moers, Lennard"]
[Black "Ingelaere, Tijl"]
[Result "1-0"]
[WhiteElo "1492"]
[BlackElo "1150"]
[PlyCount "63"]
[EventDate "2008.05.09"]
[EventType "swiss"]
[EventRounds "7"]
[EventCountry "NED"]
[Source "P.Boonen"]
[SourceDate "2010.01.01"]

1. e4 e6 2. Nf3 d5 3. exd5 exd5 4. d4 Nf6 5. c4 c6 6. Nc3 c5 7. Bg5 Be6 8. cxd5
Bxd5 9. Bxf6 Bxf3 10. Bxd8 Bxd1 11. Rxd1 Kxd8 12. dxc5+ Kc7 13. b4 a6 14. Nd5+
Kc6 15. Nb6 Be7 16. Nxa8 Re8 17. Be2 Nd7 18. Bf3+ Kb5 19. Nc7+ Ka4 20. Nxe8 Ne5
21. Bxb7 g6 22. Nd6 f6 23. c6 Nxc6 24. Bxc6+ Ka3 25. Rd3+ Kxb4 26. Kd2 Kc5 27.
Rc1+ Kb6 28. Nc8+ Kc7 29. Rd7+ Kb8 30. Rb1+ Kxc8 31. Rxe7 Kd8 32. Rbb7 1-0

[Event "ENCI Limburg-open B"]
[Site "Maastricht"]
[Date "2008.05.09"]
[Round "1"]
[White "Moog, Gerhard"]
[Black "Frijns, Raoul"]
[Result "1-0"]
[WhiteElo "1845"]
[BlackElo "1680"]
[PlyCount "67"]
[EventDate "2008.05.09"]
[EventType "swiss"]
[EventRounds "7"]
[EventCountry "NED"]
[Source "P.Boonen"]
[SourceDate "2010.01.01"]

1. e4 c5 2. Nf3 Nc6 3. d4 cxd4 4. Nxd4 Nf6 5. Nc3 e5 6. Ndb5 d6 7. Nd5 Nxd5 8.
exd5 Ne7 9. c4 a6 10. Qa4 Kd7 11. Be3 Nf5 12. Nd4+ Ke7 13. Nxf5+ Bxf5 14. Qb3
Qd7 15. c5 Ke8 16. Qc3 Qc7 17. f4 f6 18. fxe5 fxe5 19. b4 Rc8 20. Be2 Be4 21.
Bg4 Rd8 22. Qc4 Bxg2 23. Rg1 h5 24. Be6 Bf3 25. Rc1 Bg4 26. Bxg4 hxg4 27. Qxg4
g5 28. cxd6 Qxd6 29. Bc5 Qc7 30. Be3 Qe7 31. a3 Bh6 32. Bb6 Qf6 33. Bxd8 Kxd8
34. d6 1-0

[Event "ENCI Limburg-open B"]
[Site "Maastricht"]
[Date "2008.05.09"]
[Round "1"]
[White "Neve, Peter"]
[Black "Otten, Martijn"]
[Result "0-1"]
[WhiteElo "1636"]
[BlackElo "1796"]
[PlyCount "88"]
[EventDate "2008.05.09"]
[EventType "swiss"]
[EventRounds "7"]
[EventCountry "NED"]
[Source "P.Boonen"]
[SourceDate "2010.01.01"]

1. e4 e5 2. Nf3 Nc6 3. d4 exd4 4. Bc4 Nf6 5. e5 d5 6. Bb5 Ne4 7. Nxd4 Bd7 8.
Bxc6 bxc6 9. Nd2 Nc5 10. O-O Be7 11. f4 f5 12. Re1 Qc8 13. Qe2 Ne4 14. Nxe4
fxe4 15. Be3 c5 16. Nb3 Bg4 17. Qb5+ c6 18. Qa5 c4 19. Nc5 O-O 20. Qd2 Rd8 21.
Bd4 Qb8 22. h3 Bc8 23. c3 a5 24. Qf2 a4 25. Qg3 g6 26. Qf2 Qb5 27. f5 Bxf5 28.
g4 Bxg4 29. hxg4 Rf8 30. Qh2 Bxc5 31. Rf1 Bxd4+ 32. cxd4 Qb6 33. Qd2 c5 34.
Rad1 cxd4 35. Qxd4 Qxd4+ 36. Rxd4 Rxf1+ 37. Kxf1 Rd8 38. Ke2 Kf7 39. b3 axb3
40. axb3 cxb3 41. Rb4 Ke6 42. Rxb3 Rd7 43. Rb8 Kxe5 44. Ke3 d4+ 0-1

[Event "ENCI Limburg-open B"]
[Site "Maastricht"]
[Date "2008.05.09"]
[Round "1"]
[White "Nissel, Andreas"]
[Black "Tran, Long"]
[Result "0-1"]
[WhiteElo "1677"]
[BlackElo "1845"]
[PlyCount "68"]
[EventDate "2008.05.09"]
[EventType "swiss"]
[EventRounds "7"]
[EventCountry "NED"]
[Source "P.Boonen"]
[SourceDate "2010.01.01"]

1. d4 Nf6 2. Nc3 d5 3. Bg5 Bf5 4. Nf3 c6 5. e3 Nbd7 6. Be2 Qb6 7. Na4 Qa5+ 8.
c3 e6 9. O-O b5 10. Nc5 Bxc5 11. dxc5 b4 12. cxb4 Qxb4 13. Nd4 Qb7 14. Nxf5
exf5 15. Qc2 Ne4 16. Bf4 Nexc5 17. Bd6 Ne4 18. Ba3 Qb6 19. Rac1 Rc8 20. Rfd1
Ndf6 21. b3 f4 22. Rd3 Kd7 23. h3 h5 24. Kf1 Rhe8 25. Bf3 fxe3 26. Rxe3 Qa6+
27. Kg1 Qxa3 28. g4 hxg4 29. Bxg4+ Nxg4 30. hxg4 Qd6 31. Rf3 f6 32. Qd3 Rh8 33.
Rh3 Qf4 34. Rc2 Qxg4+ 0-1

[Event "ENCI Limburg-open B"]
[Site "Maastricht"]
[Date "2008.05.09"]
[Round "1"]
[White "Obels, Pepijn"]
[Black "Hodenius, Frans"]
[Result "1-0"]
[WhiteElo "1728"]
[BlackElo "1590"]
[PlyCount "65"]
[EventDate "2008.05.09"]
[EventType "swiss"]
[EventRounds "7"]
[EventCountry "NED"]
[Source "P.Boonen"]
[SourceDate "2010.01.01"]

1. e4 d6 2. d4 Nf6 3. Nc3 g6 4. Nf3 Bg7 5. Bb5+ Bd7 6. Bd3 O-O 7. Bg5 Re8 8. e5
dxe5 9. Nxe5 Be6 10. Bb5 c6 11. Ba4 Nd5 12. Nf3 Nd7 13. O-O N5b6 14. Bb3 Bxb3
15. axb3 Qc7 16. Ne2 e5 17. c3 a6 18. dxe5 Nxe5 19. Ned4 Nbd7 20. Nxe5 Bxe5 21.
f4 Bf6 22. Bxf6 Nxf6 23. f5 Nd5 24. fxg6 hxg6 25. Qd2 Kg7 26. Rf3 Rh8 27. h3
Rae8 28. Raf1 Re7 29. c4 Nb6 30. Rxf7+ Kg8 31. Rf8+ Kh7 32. Rxh8+ Kxh8 33. Qh6+
1-0

[Event "ENCI Limburg-open B"]
[Site "Maastricht"]
[Date "2008.05.09"]
[Round "1"]
[White "Otto, Moritz"]
[Black "Van Herck, Rob"]
[Result "1/2-1/2"]
[WhiteElo "1210"]
[BlackElo "1516"]
[PlyCount "76"]
[EventDate "2008.05.09"]
[EventType "swiss"]
[EventRounds "7"]
[EventCountry "NED"]
[Source "P.Boonen"]
[SourceDate "2010.01.01"]

1. e4 d5 2. exd5 Nf6 3. Bb5+ Bd7 4. Bxd7+ Qxd7 5. Nf3 Nxd5 6. O-O Nc6 7. b3
O-O-O 8. Ng5 e6 9. Bb2 f6 10. Ne4 e5 11. Nbc3 Nxc3 12. Bxc3 h5 13. f4 Qd5 14.
Qf3 Bc5+ 15. Nxc5 Qxc5+ 16. Qf2 Nd4 17. Bxd4 Qxd4 18. Qxd4 Rxd4 19. fxe5 fxe5
20. d3 Rf4 21. Rae1 Rhf8 22. Rxf4 exf4 23. Re7 g5 24. Re5 Rg8 25. Kf2 Kd7 26.
c4 c6 27. a4 Kd6 28. d4 Rg7 29. Kf3 b6 30. Ke4 h4 31. h3 g4 32. Kxf4 gxh3 33.
gxh3 Rg3 34. Re3 Rg1 35. Kf5 Rg3 36. Kf4 Rg1 37. Kf5 Rg3 38. Kf4 Rg1 1/2-1/2

[Event "ENCI Limburg-open B"]
[Site "Maastricht"]
[Date "2008.05.09"]
[Round "1"]
[White "Overtoom, Reinier"]
[Black "Hoogland, Bauke"]
[Result "0-1"]
[WhiteElo "1672"]
[BlackElo "1838"]
[PlyCount "70"]
[EventDate "2008.05.09"]
[EventType "swiss"]
[EventRounds "7"]
[EventCountry "NED"]
[Source "P.Boonen"]
[SourceDate "2010.01.01"]

1. Nc3 g6 2. e4 Bg7 3. Bc4 d6 4. d4 Nf6 5. f3 O-O 6. Be3 c6 7. Qd2 b5 8. Bb3
Nbd7 9. g4 Nb6 10. h4 h5 11. gxh5 Nxh5 12. Bh6 a5 13. Bxg7 Kxg7 14. a3 Be6 15.
d5 cxd5 16. Nxd5 Nxd5 17. Bxd5 Rc8 18. Rc1 Qb6 19. Ne2 Bxd5 20. Qxd5 Kh7 21.
Qd4 Qb8 22. Qe3 Rc5 23. Rf1 b4 24. a4 Rfc8 25. Qb3 Kg7 26. Nd4 Nf4 27. Rg1 d5
28. Nf5+ Kf8 29. Nh6 Qe5 30. Rg5 Qe6 31. Qe3 dxe4 32. Qxf4 exf3+ 33. Kf1 Qe2+
34. Kg1 Rxg5+ 35. Qxg5 f2+ 0-1

[Event "ENCI Limburg-open B"]
[Site "Maastricht"]
[Date "2008.05.09"]
[Round "1"]
[White "Pietz, Helmut"]
[Black "Gundogmus, Alaettin"]
[Result "1-0"]
[WhiteElo "1715"]
[BlackElo "1586"]
[PlyCount "79"]
[EventDate "2008.05.09"]
[EventType "swiss"]
[EventRounds "7"]
[EventCountry "NED"]
[Source "P.Boonen"]
[SourceDate "2010.01.01"]

1. Nf3 d5 2. d3 Nf6 3. g3 Nc6 4. Bg2 e5 5. O-O h6 6. Nbd2 Bc5 7. a3 a6 8. b4
Ba7 9. Bb2 d4 10. c4 dxc3 11. Bxc3 Ng4 12. h3 Nxf2 13. Rxf2 Bxf2+ 14. Kxf2 f6
15. Qb3 Qe7 16. Nh4 Be6 17. Qa4 Qd7 18. Ng6 Rg8 19. Ne4 Kf7 20. Nc5 b5 21. Nxd7
bxa4 22. Bxc6 Rad8 23. Ndxe5+ fxe5 24. Nxe5+ Ke7 25. Bf3 Kd6 26. Kg2 c6 27. g4
Bd5 28. Bxd5 Kxd5 29. e4+ Ke6 30. d4 Rc8 31. Rf1 Rc7 32. Nxc6 Kd6 33. d5 Rxc6
34. dxc6 Kxc6 35. Rf5 g6 36. Rc5+ Kb7 37. e5 Re8 38. Kf3 Rf8+ 39. Ke4 g5 40. e6
1-0

[Event "ENCI Limburg-open B"]
[Site "Maastricht"]
[Date "2008.05.09"]
[Round "1"]
[White "Raemakers, Karl"]
[Black "Lenaerts, Lennert"]
[Result "1-0"]
[WhiteElo "1540"]
[BlackElo "1304"]
[PlyCount "97"]
[EventDate "2008.05.09"]
[EventType "swiss"]
[EventRounds "7"]
[EventCountry "NED"]
[Source "P.Boonen"]
[SourceDate "2010.01.01"]

1. e4 d5 2. exd5 Nf6 3. Bb5+ Bd7 4. Bc4 Bg4 5. f3 Bc8 6. Bb5+ Bd7 7. Bc4 c6 8.
dxc6 Nxc6 9. Nc3 e5 10. d3 Bb4 11. Bd2 O-O 12. Nge2 Na5 13. Bb3 Nxb3 14. axb3
Bc5 15. Na4 Be7 16. Nac3 a6 17. Be3 Bb4 18. O-O Rc8 19. f4 Ng4 20. Bf2 Nxf2 21.
Rxf2 Bc5 22. fxe5 Bxf2+ 23. Kxf2 Qb6+ 24. d4 Bg4 25. Nd5 Qd8 26. c4 Qh4+ 27. g3
Qxh2+ 28. Ke1 Bxe2 29. Qxe2 Qg1+ 30. Qf1 Qxg3+ 31. Qf2 Qxf2+ 32. Kxf2 Rfe8 33.
Rg1 Kf8 34. Nb6 Rc6 35. Nd7+ Ke7 36. Nc5 Rb6 37. Rxg7 Rd8 38. d5 Rc8 39. d6+
Rxd6 40. exd6+ Kxd6 41. Nxb7+ Ke6 42. Rxh7 Rb8 43. Nc5+ Kd6 44. Ne4+ Ke5 45.
Nd2 f5 46. Rc7 f4 47. Nf3+ Ke4 48. Rd7 Rxb3 49. Nd2+ 1-0

[Event "ENCI Limburg-open B"]
[Site "Maastricht"]
[Date "2008.05.09"]
[Round "1"]
[White "Rieksen, Koen"]
[Black "Arns, Danny"]
[Result "1/2-1/2"]
[WhiteElo "1535"]
[BlackElo "1298"]
[PlyCount "87"]
[EventDate "2008.05.09"]
[EventType "swiss"]
[EventRounds "7"]
[EventCountry "NED"]
[Source "P.Boonen"]
[SourceDate "2010.01.01"]

1. e4 e6 2. d4 d5 3. e5 c5 4. c3 Nc6 5. Nf3 Be7 6. Be2 cxd4 7. cxd4 Bb4+ 8. Bd2
Qb6 9. Bxb4 Qxb4+ 10. Qd2 Qxd2+ 11. Nbxd2 Nge7 12. O-O O-O 13. Nb3 b6 14. Rac1
Bb7 15. a3 Rac8 16. h3 Nf5 17. Bd3 Nfe7 18. Rc3 a6 19. Bb1 Na7 20. Rfc1 Rxc3
21. Rxc3 Rc8 22. Rxc8+ Bxc8 23. Bd3 a5 24. Kf1 h6 25. Ke2 Bd7 26. Nbd2 Bb5 27.
Nb1 Bxd3+ 28. Kxd3 b5 29. Nc3 Kh7 30. Nd2 Nec6 31. Ne2 g5 32. Nb3 Kg6 33. Nc5
Kf5 34. Nd7 Kg6 35. g3 Kg7 36. g4 Ne7 37. f4 gxf4 38. Nxf4 Ng6 39. Nxg6 Kxg6
40. h4 h5 41. g5 Kf5 42. Nf6 Kf4 43. Nxh5+ Kg4 44. Ng7 1/2-1/2

[Event "ENCI Limburg-open B"]
[Site "Maastricht"]
[Date "2008.05.09"]
[Round "1"]
[White "Roelofs, Eric"]
[Black "Van Herck, Raf"]
[Result "1/2-1/2"]
[WhiteElo "1415"]
[BlackElo "1415"]
[PlyCount "65"]
[EventDate "2008.05.09"]
[EventType "swiss"]
[EventRounds "7"]
[EventCountry "NED"]
[Source "P.Boonen"]
[SourceDate "2010.01.01"]

1. e4 e6 2. Nf3 d5 3. e5 c5 4. c3 Nc6 5. Be2 Nge7 6. d4 cxd4 7. cxd4 Qb6 8. O-O
Nf5 9. Nbd2 Nfxd4 10. a3 Be7 11. Nxd4 Nxd4 12. Nf3 Nxe2+ 13. Qxe2 Bd7 14. Re1
O-O 15. Be3 Bc5 16. Qd2 Bxe3 17. Rxe3 Rac8 18. Qd3 Bb5 19. Qd2 Rc7 20. Rc1 Rfc8
21. Rec3 Rc6 22. Nd4 Rxc3 23. Rxc3 Rxc3 24. Qxc3 Bc6 25. h3 g6 26. Kh2 Kg7 27.
Kg1 Bb5 28. Kh2 Qa6 29. Qf3 Qa4 30. Qf6+ Kg8 31. Nxb5 Qxb5 32. Qd8+ Kg7 33.
Qf6+ 1/2-1/2

[Event "ENCI Limburg-open B"]
[Site "Maastricht"]
[Date "2008.05.09"]
[Round "1"]
[White "Roemhild, Wolfgang"]
[Black "Daemen, Jules"]
[Result "0-1"]
[WhiteElo "1734"]
[BlackElo "1595"]
[PlyCount "74"]
[EventDate "2008.05.09"]
[EventType "swiss"]
[EventRounds "7"]
[EventCountry "NED"]
[Source "P.Boonen"]
[SourceDate "2010.01.01"]

1. e4 e6 2. d4 d5 3. Nd2 Nf6 4. e5 Nfd7 5. Ngf3 c5 6. c3 Nc6 7. Nb3 Be7 8. Be2
O-O 9. h4 cxd4 10. cxd4 f6 11. Bd3 Bb4+ 12. Kf1 fxe5 13. Bxh7+ Kxh7 14. Ng5+
Kg8 15. Nxe6 Rxf2+ 16. Kxf2 Qf6+ 17. Nf4 exf4 18. Qh5 Nb6 19. Qg5 Qxg5 20. hxg5
Bf5 21. Bxf4 Rf8 22. Kg3 Re8 23. a3 Bf8 24. Rh4 g6 25. Kf2 Bg7 26. Rc1 Nc4 27.
g4 Be4 28. Be3 Nxe3 29. Nd2 Bxd4 30. Nxe4 dxe4 31. Rch1 Rf8+ 32. Ke2 Nd5 33. b4
Rf2+ 34. Ke1 Ra2 35. R1h3 Ra1+ 36. Kd2 e3+ 37. Kc2 Rxa3 0-1

[Event "ENCI Limburg-open B"]
[Site "Maastricht"]
[Date "2008.05.09"]
[Round "1"]
[White "Schwanke, Enno"]
[Black "Mollema, Thomas"]
[Result "1-0"]
[WhiteElo "1399"]
[BlackElo "1422"]
[PlyCount "137"]
[EventDate "2008.05.09"]
[EventType "swiss"]
[EventRounds "7"]
[EventCountry "NED"]
[Source "P.Boonen"]
[SourceDate "2010.01.01"]

1. d4 d5 2. c4 c6 3. Nc3 Nf6 4. Nf3 Bf5 5. Bg5 h6 6. Bh4 g5 7. Bg3 Bg7 8. e3
Bg4 9. cxd5 cxd5 10. Qa4+ Bd7 11. Bb5 Bxb5 12. Qxb5+ Qd7 13. Ne5 Qxb5 14. Nxb5
Na6 15. O-O O-O 16. Rac1 e6 17. h3 Nb4 18. a3 Na6 19. f4 Ne4 20. Bh2 Bxe5 21.
fxe5 f6 22. exf6 Rxf6 23. Nd6 Rxf1+ 24. Rxf1 b6 25. Nxe4 dxe4 26. Rf6 Rc8 27.
Rxe6 Rc1+ 28. Kf2 Rc2+ 29. Kg3 Rxb2 30. Rxe4 h5 31. Re5 h4+ 32. Kf3 g4+ 33.
hxg4 h3 34. d5 Kf7 35. d6 hxg2 36. Rd5 Ke8 37. g5 Nc5 38. g6 Kf8 39. d7 Nxd7
40. Rxd7 a5 41. g7+ Kg8 42. e4 b5 43. Bg1 b4 44. Bd4 g1=Q 45. Bxg1 bxa3 46. Bd4
Rb8 47. e5 a2 48. e6 Rb3+ 49. Ke2 Rg3 50. e7 Kf7 51. Rd8 Kxe7 52. g8=Q Rxg8 53.
Rxg8 Ke6 54. Ra8 Kd5 55. Rxa5+ Kxd4 56. Rxa2 Kc5 57. Rd2 Kc4 58. Ke3 Kc3 59.
Rd8 Kc4 60. Rd1 Kc5 61. Ke4 Kc6 62. Rc1+ Kb5 63. Kd4 Kb6 64. Kd5 Ka7 65. Rb1
Ka8 66. Kc6 Ka7 67. Rb2 Ka8 68. Kc7 Ka7 69. Ra2# 1-0

[Event "ENCI Limburg-open B"]
[Site "Maastricht"]
[Date "2008.05.09"]
[Round "1"]
[White "Sharifi Shamili, Ashkan"]
[Black "Henrotte, Nils"]
[Result "1-0"]
[WhiteElo "1356"]
[BlackElo "1555"]
[PlyCount "93"]
[EventDate "2008.05.09"]
[EventType "swiss"]
[EventRounds "7"]
[EventCountry "NED"]
[Source "P.Boonen"]
[SourceDate "2010.01.01"]

1. e4 e6 2. d4 d5 3. e5 c5 4. c3 Nc6 5. Nf3 Qb6 6. Bd3 Bd7 7. Bc2 cxd4 8. cxd4
Be7 9. O-O f6 10. Nc3 fxe5 11. Nxe5 Nf6 12. Nxd7 Kxd7 13. Ba4 Rae8 14. Bf4 a6
15. Re1 Qa7 16. Qe2 Bd6 17. Bxd6 Kxd6 18. Bxc6 bxc6 19. Qe5+ Kd7 20. Na4 Kc8
21. Nc5 Rhf8 22. Qd6 Ne4 23. Qxc6+ Kd8 24. Nxe4 dxe4 25. Qd6+ Qd7 26. Qxd7+
Kxd7 27. Rxe4 Rc8 28. Re2 Rc4 29. Rd2 Rfc8 30. Kf1 Kd6 31. Ke2 Rc2 32. Rad1
R2c4 33. Ke3 Kd5 34. b3 R4c6 35. a3 a5 36. g4 Rb8 37. Rd3 Rcb6 38. Rb1 g6 39.
Rc3 Rc6 40. Rxc6 Kxc6 41. Ke4 g5 42. b4 Kd6 43. f3 h6 44. b5 Rb6 45. a4 Rb7 46.
Rc1 Rb6 47. h3 1-0

[Event "ENCI Limburg-open B"]
[Site "Maastricht"]
[Date "2008.05.09"]
[Round "1"]
[White "Slangen Knuit, Dien"]
[Black "De Jong, Ti"]
[Result "1-0"]
[WhiteElo "1297"]
[BlackElo "1533"]
[PlyCount "76"]
[EventDate "2008.05.09"]
[EventType "swiss"]
[EventRounds "7"]
[EventCountry "NED"]
[Source "P.Boonen"]
[SourceDate "2010.01.01"]

1. d4 Nf6 2. c4 e5 3. dxe5 Ne4 4. Nf3 Bb4+ 5. Nbd2 Nc6 6. a3 Bxd2+ 7. Bxd2 Qe7
8. e3 b6 9. Bd3 Nxd2 10. Qxd2 Bb7 11. Be4 O-O-O 12. O-O g5 13. Bf5 h5 14. h3
Nxe5 15. Nxe5 Qxe5 16. e4 g4 17. Qg5 gxh3 18. Bxd7+ Rxd7 19. Qxe5 Rdd8 20. Qf5+
Kb8 21. Qxh3 Bxe4 22. Qe3 Rde8 23. c5 Bxg2 24. Qxe8+ Rxe8 25. Kxg2 bxc5 26. Rh1
Re5 27. Rae1 Rd5 28. Rh3 Kb7 29. Rf3 Rg5+ 30. Kf1 f5 31. Rb3+ Kc6 32. Rg3 Rxg3
33. fxg3 Kd5 34. Kf2 c4 35. Kf3 c5 36. Kf4 c3 37. bxc3 Kc4 38. Re5 Kb3 1-0

[Event "ENCI Limburg-open B"]
[Site "Maastricht"]
[Date "2008.05.09"]
[Round "1"]
[White "Sofic, Narcis"]
[Black "Erin, Igor"]
[Result "1-0"]
[WhiteElo "1882"]
[BlackElo "1703"]
[PlyCount "127"]
[EventDate "2008.05.09"]
[EventType "swiss"]
[EventRounds "7"]
[EventCountry "NED"]
[Source "P.Boonen"]
[SourceDate "2010.01.01"]

1. c4 e5 2. Nc3 Nf6 3. g3 Bb4 4. Bg2 O-O 5. a3 Bxc3 6. bxc3 Nc6 7. d3 d6 8. Rb1
Re8 9. e4 b6 10. Ne2 Be6 11. O-O Na5 12. f4 Bg4 13. f5 h6 14. h3 Bxe2 15. Qxe2
Rb8 16. g4 Nh7 17. Qf2 Qf6 18. Qg3 g5 19. fxg6 Qxg6 20. Rf5 Nf6 21. Qh4 Re6 22.
Bg5 Nh7 23. Be3 Nf6 24. Rbf1 Nh7 25. Rxf7 Ng5 26. Rxc7 Rf8 27. Rxf8+ Kxf8 28.
Bxg5 Qxg5 29. Qxg5 hxg5 30. Rxa7 Re7 31. Rxe7 Kxe7 32. Kf2 Nb7 33. Ke3 Nc5 34.
Kd2 Ne6 35. Kc2 Nf4 36. Bf1 Kd7 37. Kb3 Kc7 38. Kb4 Kc6 39. a4 Ne6 40. a5 bxa5+
41. Kxa5 Kc5 42. Ka4 Nf4 43. Kb3 Ng6 44. Kc2 Nf4 45. Kd2 Ne6 46. Ke3 Nf4 47.
d4+ Kb6 48. c5+ dxc5 49. dxe5 Ng6 50. e6 Kc6 51. Bc4 Kd6 52. Kf2 Ne5 53. Bd5
Ng6 54. Kg3 Nh4 55. e5+ Ke7 56. c4 Ng6 57. Kf3 Nxe5+ 58. Ke4 Ng6 59. Kf5 Nf4
60. Kxg5 Nxh3+ 61. Kf5 Nf2 62. g5 Nd1 63. g6 Ne3+ 64. Kf4 1-0

[Event "ENCI Limburg-open B"]
[Site "Maastricht"]
[Date "2008.05.09"]
[Round "1"]
[White "Spoelstra, Henri"]
[Black "Wallace, Gavin"]
[Result "1-0"]
[WhiteElo "1739"]
[BlackElo "1605"]
[PlyCount "55"]
[EventDate "2008.05.09"]
[EventType "swiss"]
[EventRounds "7"]
[EventCountry "NED"]
[Source "P.Boonen"]
[SourceDate "2010.01.01"]

1. d4 Nf6 2. Nf3 e6 3. Bf4 c5 4. e3 Nc6 5. c3 d5 6. Nbd2 Bd7 7. Qc2 Rc8 8. Rc1
Be7 9. Be2 O-O 10. h3 Qa5 11. O-O cxd4 12. exd4 Qb6 13. Rfe1 Rfe8 14. Qb1 a6
15. Bd3 Qd8 16. Ne5 h6 17. Ndf3 Bd6 18. Nxf7 Kxf7 19. Bxd6 Ne7 20. Bh7 Nxh7 21.
Bxe7 Qxe7 22. Qxh7 Qf6 23. Ne5+ Ke7 24. Re3 Red8 25. Rf3 Rh8 26. Ng6+ Kd6 27.
Nxh8 Qg5 28. Nf7+ 1-0

[Event "ENCI Limburg-open B"]
[Site "Maastricht"]
[Date "2008.05.09"]
[Round "1"]
[White "Thoma, Sophia"]
[Black "Johnen, Franz"]
[Result "0-1"]
[WhiteElo "1722"]
[BlackElo "1587"]
[PlyCount "140"]
[EventDate "2008.05.09"]
[EventType "swiss"]
[EventRounds "7"]
[EventCountry "NED"]
[Source "P.Boonen"]
[SourceDate "2010.01.01"]

1. e4 c5 2. c3 e6 3. d4 d5 4. e5 Nc6 5. Nf3 cxd4 6. cxd4 Bb4+ 7. Nc3 Nge7 8. a3
Ba5 9. Bd3 a6 10. O-O b5 11. b4 Bb6 12. Be3 Bb7 13. Rc1 Rc8 14. Bb1 Ng6 15. Qd3
O-O 16. h4 f5 17. Bg5 Qd7 18. h5 Nh8 19. h6 Ng6 20. hxg7 Qxg7 21. Qd2 Qd7 22.
Bf6 Bd8 23. Bxd8 Qxd8 24. g3 Qe7 25. Kg2 Rf7 26. Rh1 Rc7 27. Rh2 Rg7 28. Rch1
Nf8 29. Ne2 Nd8 30. Nf4 Qe8 31. Nh5 Qg6 32. Nxg7 Rxg7 33. Rh6 Qe8 34. Ng1 Nf7
35. R6h2 Qe7 36. Ne2 Ng6 37. Nc1 Ng5 38. Nb3 Ne4 39. Bxe4 dxe4 40. f3 f4 41. g4
exf3+ 42. Kf2 Qg5 43. Nc5 Bd5 44. Rg1 Nh4 45. Nd3 Ng2 46. Qc1 h6 47. Qc8+ Kh7
48. Rgh1 Rg6 49. Qd7+ Rg7 50. Rxh6+ Qxh6 51. Rxh6+ Kxh6 52. Qd8 Rxg4 53. Qh8+
Kg6 54. Qg8+ Kf5 55. Qf7+ Kg5 56. Qg7+ Kh5 57. Qf7+ Kg5 58. Nc5 Ne3 59. Nxe6+
Bxe6 60. Qf6+ Kh5 61. Qxe6 Rg3 62. Qf7+ Kg4 63. Qg6+ Kh4 64. Qh6+ Kg4 65. Qh1
Rg2+ 66. Qxg2+ fxg2 67. e6 Nd5 68. Kxg2 f3+ 69. Kf2 Kf4 70. Kf1 Ke3 0-1

[Event "ENCI Limburg-open B"]
[Site "Maastricht"]
[Date "2008.05.09"]
[Round "1"]
[White "Tromp, Sander"]
[Black "Roelofs, Rik"]
[Result "0-1"]
[WhiteElo "1791"]
[BlackElo "1636"]
[PlyCount "92"]
[EventDate "2008.05.09"]
[EventType "swiss"]
[EventRounds "7"]
[EventCountry "NED"]
[Source "P.Boonen"]
[SourceDate "2010.01.01"]

1. e4 c6 2. d4 d5 3. Nc3 dxe4 4. Nxe4 Bf5 5. Ng3 Bg6 6. h4 h6 7. Nf3 e6 8. Ne5
Bh7 9. h5 Nd7 10. Nxd7 Qxd7 11. Bd3 Qxd4 12. Be3 Bb4+ 13. Kf1 Bxd3+ 14. cxd3
Qd7 15. Rh4 Bd6 16. Ne4 Ne7 17. Rg4 Nf5 18. Bd2 O-O-O 19. Qa4 a6 20. Rc1 Rhg8
21. b4 Be7 22. Rc3 Nd4 23. Rg3 Nb5 24. Rc4 f5 25. Nc3 Nd6 26. Rc5 Nb5 27. Rc4
Kb8 28. Ne2 e5 29. Qc2 Na3 30. Qb3 Nxc4 31. Qxc4 Qd5 32. Qc2 c5 33. Nc3 Qc6 34.
Rg6 Rd6 35. Qb3 c4 36. dxc4 Rxg6 37. hxg6 Rd8 38. Nd5 Bf6 39. Be3 f4 40. b5
axb5 41. Bb6 bxc4 42. Qa3 Qxd5 43. Qa7+ Kc8 44. Qa8+ Kd7 45. Qa4+ Qc6 46. Qd1+
Kc8 0-1

[Event "ENCI Limburg-open B"]
[Site "Maastricht"]
[Date "2008.05.09"]
[Round "1"]
[White "Ucaroglu, Melih Furkan"]
[Black "Camps, Jeroen"]
[Result "0-1"]
[WhiteElo "1064"]
[BlackElo "1447"]
[PlyCount "132"]
[EventDate "2008.05.09"]
[EventType "swiss"]
[EventRounds "7"]
[EventCountry "NED"]
[Source "P.Boonen"]
[SourceDate "2010.01.01"]

1. e4 c5 2. d4 cxd4 3. Qxd4 Nc6 4. Qd1 g6 5. Nc3 Bg7 6. g3 d6 7. Bg2 Nf6 8. Nf3
Bg4 9. O-O O-O 10. Re1 Nd7 11. Bd2 Nde5 12. Be3 Qc8 13. Rb1 Rd8 14. Nd5 e6 15.
Nf4 b5 16. Nd3 a5 17. h3 Nxf3+ 18. Bxf3 Bxf3 19. Qxf3 b4 20. b3 Nd4 21. Bxd4
Bxd4 22. Qe2 Rd7 23. Rec1 Rc7 24. Ne1 Rc3 25. Kh2 Qc5 26. Kg2 Rc8 27. h4 f5 28.
exf5 Qxf5 29. Qd2 e5 30. Qg5 Qxf2+ 31. Kh3 Qf1+ 32. Ng2 Qf5+ 33. Qxf5 gxf5 34.
Ne1 f4 35. Nd3 fxg3 36. Rg1 Bxg1 37. Rxg1 e4 38. Rxg3+ Kh8 39. Nf2 Rxg3+ 40.
Kxg3 e3 41. Nd3 Rxc2 42. Kf3 e2 43. Kf2 Rd2 44. Ne1 d5 45. Nf3 Rxa2 46. Nd4 Kg7
47. Nxe2 Kf6 48. Ke3 Rxe2+ 49. Kxe2 Ke5 50. Ke3 d4+ 51. Kd3 Kd5 52. Kd2 Ke4 53.
Ke2 d3+ 54. Kd2 Kd4 55. Ke1 Kc3 56. Kd1 d2 57. h5 h6 58. Ke2 Kc2 59. Kf3 d1=Q+
60. Kf4 Qxh5 61. Kg3 Qf5 62. Kh4 Qg5+ 63. Kh3 Kd2 64. Kh2 Ke3 65. Kh3 Kf2 66.
Kh2 Qg2# 0-1

[Event "ENCI Limburg-open B"]
[Site "Maastricht"]
[Date "2008.05.09"]
[Round "1"]
[White "Uckerman, John"]
[Black "Schmitz, Martin"]
[Result "0-1"]
[WhiteElo "1683"]
[BlackElo "1847"]
[PlyCount "160"]
[EventDate "2008.05.09"]
[EventType "swiss"]
[EventRounds "7"]
[EventCountry "NED"]
[Source "P.Boonen"]
[SourceDate "2010.01.01"]

1. e4 c5 2. Nf3 d6 3. d4 cxd4 4. Nxd4 g6 5. Nc3 Bg7 6. Be3 Nc6 7. Qd2 Nf6 8.
Be2 Ng4 9. Bxg4 Bxg4 10. f3 Bd7 11. O-O-O Ne5 12. b3 h5 13. Nce2 Qc7 14. Nf4
Qc5 15. Kb1 Rc8 16. c3 Qb6 17. Ka1 Qa6 18. Rc1 Nc6 19. Nd5 e6 20. Nxc6 Qxc6 21.
Bd4 e5 22. Be3 Be6 23. Rhd1 Bxd5 24. Qxd5 Ke7 25. Qxc6 Rxc6 26. Bxa7 b6 27. b4
Bh6 28. Rc2 b5 29. Rd5 Ra8 30. Bf2 Rb8 31. Kb2 Ke6 32. Be1 Ra6 33. Bd2 Bf8 34.
Be3 f5 35. Kb1 Rc6 36. Kb2 fxe4 37. Rcd2 exf3 38. gxf3 Be7 39. Kb3 Bh4 40. R5d3
Rbc8 41. Rd1 Rf8 42. Rxd6+ Rxd6 43. Rxd6+ Kxd6 44. Bc5+ Kd5 45. Bxf8 Bf2 46.
Bh6 h4 47. h3 e4 48. fxe4+ Kxe4 49. c4 Kf5 50. cxb5 g5 51. a4 g4 52. Bf8 gxh3
53. Bd6 Bg3 54. Bxg3 hxg3 55. b6 g2 56. b7 g1=Q 57. b8=Q Qe3+ 58. Kc2 Qe2+ 59.
Kb3 Qe6+ 60. Kc2 Qe4+ 61. Kb3 Qf3+ 62. Kc2 Qe2+ 63. Kb3 h2 64. Qf8+ Kg4 65.
Qg7+ Kf3 66. Qf6+ Kg2 67. Qg5+ Kf2 68. Qh4+ Kf1 69. Qh3+ Ke1 70. Qh4+ Kd2 71.
a5 Qd3+ 72. Ka4 Qc2+ 73. Kb5 Qf5+ 74. Ka4 Qc2+ 75. Kb5 Kc1 76. Qe1+ Kb2 77.
Qe5+ Ka2 78. Qd5+ Ka3 79. Qh5 Qd3+ 80. Kc5 Qc3+ 0-1

[Event "ENCI Limburg-open B"]
[Site "Maastricht"]
[Date "2008.05.09"]
[Round "1"]
[White "Van Delft, Karel"]
[Black "Auwens, Michel"]
[Result "1/2-1/2"]
[WhiteElo "1641"]
[BlackElo "1801"]
[PlyCount "91"]
[EventDate "2008.05.09"]
[EventType "swiss"]
[EventRounds "7"]
[EventCountry "NED"]
[Source "P.Boonen"]
[SourceDate "2010.01.01"]

1. d4 Nf6 2. Nf3 g6 3. c4 c5 4. e3 Bg7 5. Bd3 O-O 6. O-O b6 7. Nc3 Bb7 8. b3
cxd4 9. exd4 d5 10. Be3 Na6 11. Rc1 Ng4 12. Bf4 dxc4 13. Bxc4 Nc7 14. h3 Nf6
15. Qe2 Ncd5 16. Nxd5 Nxd5 17. Bxd5 Bxd5 18. Rc7 Bxf3 19. gxf3 Qxd4 20. Bg3 e6
21. Rd1 Qf6 22. Rdd7 Qf5 23. Kg2 a5 24. Qe4 Qxe4 25. fxe4 Rad8 26. e5 Bh6 27.
f4 g5 28. Kf3 Rxd7 29. Rxd7 Rc8 30. fxg5 Bxg5 31. Kg4 h6 32. Rb7 Rc2 33. Rxb6
Rxa2 34. h4 Be3 35. Rb5 Kg7 36. Be1 a4 37. bxa4 Rxa4+ 38. Rb4 Rxb4+ 39. Bxb4
Kg6 40. h5+ Kg7 41. Be7 f5+ 42. exf6+ Kf7 43. Bd8 Bg5 44. Ba5 Kxf6 45. Bd8+ Kg7
46. Bxg5 1/2-1/2